000 00393nam a22001697a 4500
003 MPLRDC
005 20220104124120.0
008 210129b ||||| |||| 00| 0 eng d
082 _a857.4519 FC
100 _a方川编著
245 _a商鞅变法
_c
250 _a初版
260 _a
_b香港上海书局
_c1976
300 _b
650 _a历史小说
942 _cBK
_o857.4519 FC
999 _c16764
_d16754